00578 2200217 4500001002100000005001700021008004100038020001800079035002500097040001200122082001400134084001400148100001300162245001100175250001000186260004500196300002700241500006500268650001600333990001100349INLIS00000000000301120150409092936.0  a979-686-185-2 a0010-021400000000892 aJIPDBWI 2[21]a813 a813 MAR s aMarga T. aSaskia aCet.6 aJakartabPT Gramedia Pustaka Utamac1985 a128 hlm.;c11 x 18 cm. aSejak pertemuannya dengan Ramon dalam sebuah pestah ultah... aKarya Fiksi a20.127